[Event "European Senior Team Chess Championship "]
[Site "Hotel AIRO Vienna, Kurbadstr. "]
[Date "2015.07.13"]
[Round "2"]
[White "Albano, Marco"]
[Black "Quinn, John M"]
[Result "1-0"]
[WhiteElo "2292"]
[BlackElo "2127"]
[PlyCount "87"]
[EventDate "2015.07.12"]
[EventType "team"]
[EventRounds "9"]
[EventCountry "AUT"]
[WhiteTeam "Italy"]
[BlackTeam "England 1"]

1. e4 c5 2. Nf3 e6 3. b3 a6 4. Bb2 Nc6 5. c4 d6 6. d4 cxd4 7. Nxd4 Nf6 8. Nc3
Be7 9. Be2 O-O 10. O-O Qc7 11. Rc1 Qb8 12. Kh1 Bd7 13. f4 Rd8 14. Nc2 Qa7 15.
Qe1 Rac8 16. Qg3 Qb8 17. Ne3 Kh8 18. Bd3 b5 19. c5 Nb4 20. Bb1 Rxc5 21. a3 Nc6
22. b4 Rh5 23. Ne2 Rg8 24. Qf3 Rh6 25. g4 e5 26. f5 g5 27. Ba2 Qf8 28. Kg2 Rh4
29. h3 h5 30. Rh1 Qh6 31. Bxf7 Rg7 32. Bxh5 Nxh5 33. gxh5 Qxh5 34. Ng4 Rf7 35.
Rhd1 Qh7 36. Rd3 Qg8 37. Qe3 Rfh7 38. Qb6 Qa8 39. Nc3 Nd4 40. Rxd4 exd4 41.
Qxd4+ Kg8 42. Nd5 Rf7 43. Rc7 Qd8 44. Qa7 1-0

[Event "European Senior Team Chess Championship "]
[Site "Hotel AIRO Vienna, Kurbadstr. "]
[Date "2015.07.13"]
[Round "2"]
[White "Zilberman, Yaacov"]
[Black "Wahlbom, Magnus"]
[Result "1-0"]
[WhiteElo "2383"]
[BlackElo "2228"]
[PlyCount "119"]
[EventDate "2015.07.12"]
[EventType "team"]
[EventRounds "9"]
[EventCountry "AUT"]
[WhiteTeam "Israel"]
[BlackTeam "Sweden 1"]

1. d4 Nf6 2. Nf3 e6 3. Bg5 d5 4. e3 Be7 5. c4 O-O 6. Nc3 b6 7. cxd5 exd5 8. Rc1
Bb7 9. Be2 Nbd7 10. O-O c6 11. Qc2 Re8 12. Rfd1 Nh5 13. Bxe7 Qxe7 14. a3 Nhf6
15. Ne1 Nf8 16. Nd3 Ne6 17. b4 g6 18. Qb2 Rac8 19. Bf1 h5 20. Rc2 Rc7 21. Rdc1
Rec8 22. Ne5 Ng4 23. Nf3 Nf6 24. g3 Rd8 25. a4 Rcc8 26. Bh3 Ng4 27. Ne2 Qf6 28.
Nf4 Ng5 29. Nxg5 Qxg5 30. Rc3 Rb8 31. b5 cxb5 32. axb5 Nf6 33. Ra3 Bc8 34. Bg2
Rb7 35. Qa2 h4 36. Rxa7 hxg3 37. hxg3 Ne4 38. Rxb7 Bxb7 39. Qa7 Qe7 40. Qxb6 g5
41. Nd3 Re8 42. Qc7 Qa3 43. Qxb7 Qxd3 44. Bxe4 Qxe4 45. Qc6 Kg7 46. Qc2 Qf3 47.
Qd1 Qf5 48. Qf1 Qf3 49. Qg2 Rxe3 50. Qxf3 Rxf3 51. Rb1 Ra3 52. b6 Ra8 53. Rb5
Rb8 54. Rxd5 Rxb6 55. Rxg5+ Kf6 56. Re5 Rb4 57. Re4 Kg5 58. Kg2 f5 59. Rf4 Rb3
60. Rf3 1-0

[Event "European Senior Team Chess Championship "]
[Site "Hotel AIRO Vienna, Kurbadstr. "]
[Date "2015.07.13"]
[Round "2"]
[White "Hammar, Bengt"]
[Black "Birnboim, Nathan"]
[Result "1-0"]
[WhiteElo "2167"]
[BlackElo "2358"]
[PlyCount "74"]
[EventDate "2015.07.12"]
[EventType "team"]
[EventRounds "9"]
[EventCountry "AUT"]
[WhiteTeam "Sweden 1"]
[BlackTeam "Israel"]

1. e4 c5 2. Nf3 Nc6 3. d4 cxd4 4. Nxd4 Nf6 5. Nc3 e5 6. Ndb5 d6 7. a4 a6 8. Na3
Nb4 9. Bg5 Be6 10. Bc4 Rc8 11. Bxf6 Qxf6 12. Bb3 Rc5 13. O-O Be7 14. Qe2 O-O
15. Nc4 Nc6 16. Nb6 Nd4 17. Qd3 Bd8 18. Bxe6 Bxb6 19. Ba2 Ba7 20. Nd5 Qh4 21.
c3 Ne6 22. g3 Qd8 23. Kg2 Rc8 24. b4 Kh8 25. Rad1 Qg5 26. Kh1 Rcd8 27. f4 Qg4
28. f5 Ng5 29. Rde1 h6 30. Bb3 h5 31. a5 h4 32. gxh4 Qxh4 33. Qg3 Qh6 34. Re2
Nh7 35. Rf3 Rc8 36. Qe1 Rfe8 37. Rg2 Ng5 1-0

[Event "European Senior Team Chess Championship "]
[Site "Hotel AIRO Vienna, Kurbadstr. "]
[Date "2015.07.13"]
[Round "2"]
[White "Maryasin, Boris"]
[Black "Malmdin, Nils-Ake"]
[Result "1/2-1/2"]
[WhiteElo "2332"]
[BlackElo "2142"]
[PlyCount "49"]
[EventDate "2015.07.12"]
[EventType "team"]
[EventRounds "9"]
[EventCountry "AUT"]
[WhiteTeam "Israel"]
[BlackTeam "Sweden 1"]

1. e4 g6 2. d4 Bg7 3. Nc3 c5 4. dxc5 Bxc3+ 5. bxc3 Qa5 6. Ne2 Nf6 7. e5 Ne4 8.
g3 Nc6 9. Bg2 Nxc3 10. Qd2 Na4 11. Qxa5 Nxa5 12. Rb1 Rb8 13. Rb5 Nc6 14. Be3 b6
15. Nd4 Nxc5 16. Nxc6 dxc6 17. Bxc6+ Bd7 18. Bxd7+ Nxd7 19. O-O Rc8 20. Rd1
Rxc2 21. Rbd5 Rc7 22. a4 Kd8 23. a5 Kc8 24. axb6 axb6 25. Rb5 1/2-1/2

[Event "European Senior Team Chess Championship "]
[Site "Hotel AIRO Vienna, Kurbadstr. "]
[Date "2015.07.13"]
[Round "2"]
[White "Svensson, Leif"]
[Black "Lederman, Leon"]
[Result "0-1"]
[WhiteElo "2130"]
[BlackElo "2263"]
[PlyCount "78"]
[EventDate "2015.07.12"]
[EventType "team"]
[EventRounds "9"]
[EventCountry "AUT"]
[WhiteTeam "Sweden 1"]
[BlackTeam "Israel"]

1. d4 d5 2. Nc3 c6 3. e4 dxe4 4. Nxe4 Bf5 5. Ng3 Bg6 6. h4 h6 7. Nf3 Nd7 8. h5
Bh7 9. Bd3 Bxd3 10. Qxd3 Ngf6 11. Bd2 e6 12. O-O-O Qc7 13. Ne4 O-O-O 14. g3
Nxe4 15. Qxe4 Bd6 16. Qe2 Rhe8 17. Bc3 f5 18. Ne5 Nf6 19. Nc4 Nd5 20. Ba5 b6
21. Nxd6+ Qxd6 22. Bd2 b5 23. c4 bxc4 24. Qxc4 Rd7 25. Kb1 Rb7 26. Rc1 Kd7 27.
Rhe1 Reb8 28. b3 Rb5 29. Qa4 R8b7 30. Re5 a5 31. Rc2 Nb4 32. Rxb5 cxb5 33. Bxb4
bxa4 34. Bxd6 Kxd6 35. Kb2 axb3 36. axb3 a4 37. Rc3 e5 38. dxe5+ Kxe5 39. f4+
Kd5 0-1

[Event "European Senior Team Chess Championship "]
[Site "Hotel AIRO Vienna, Kurbadstr. "]
[Date "2015.07.13"]
[Round "2"]
[White "Faibisovich, Vadim Z"]
[Black "Opl, Klaus"]
[Result "1/2-1/2"]
[WhiteElo "2347"]
[BlackElo "2213"]
[PlyCount "115"]
[EventDate "2015.07.12"]
[EventType "team"]
[EventRounds "9"]
[EventCountry "AUT"]
[WhiteTeam "Sankt Petersburg"]
[BlackTeam "Wien 75+"]

1. e4 e5 2. Nf3 Nc6 3. Bb5 a6 4. Ba4 Nf6 5. d3 d6 6. c3 Be7 7. Nbd2 O-O 8. O-O
Re8 9. Re1 Bf8 10. Nf1 h6 11. Ng3 b5 12. Bb3 g6 13. d4 Bg7 14. dxe5 dxe5 15.
Qxd8 Nxd8 16. a4 Bb7 17. axb5 axb5 18. Rxa8 Bxa8 19. Bc2 Nb7 20. Be3 Bf8 21.
Nd2 Ng4 22. Ba7 Nd6 23. h3 Nf6 24. f3 h5 25. Be3 h4 26. Ngf1 Nd7 27. Ra1 Be7
28. Ra7 Bb7 29. Bd3 Rb8 30. Nb3 Nc8 31. Ra1 c6 32. Nfd2 Ncb6 33. Na5 Na4 34.
Nxb7 Rxb7 35. Ra2 Bc5 36. Kf2 Nf6 37. Nb3 Bxe3+ 38. Kxe3 Nh5 39. Na5 Rc7 40.
Nxc6 Nxc3 41. Ra8+ Kg7 42. Nxe5 Nd1+ 43. Kd2 Nxb2 44. Rb8 Nc4+ 45. Bxc4 bxc4
46. Kc3 Nf4 47. Rb2 Nd3 48. Nxd3 cxd3+ 49. Kxd3 g5 50. f4 Rc5 51. Rf2 Ra5 52.
e5 gxf4 53. Rxf4 Rxe5 54. Rg4+ Kf6 55. Rxh4 Rg5 56. g4 Kg7 57. Ke4 Ra5 58. Kf4
1/2-1/2

[Event "European Senior Team Chess Championship "]
[Site "Hotel AIRO Vienna, Kurbadstr. "]
[Date "2015.07.13"]
[Round "2"]
[White "Titz, Heimo"]
[Black "Mishuchkov, Nikolai M"]
[Result "1/2-1/2"]
[WhiteElo "2113"]
[BlackElo "2320"]
[PlyCount "172"]
[EventDate "2015.07.12"]
[EventType "team"]
[EventRounds "9"]
[EventCountry "AUT"]
[WhiteTeam "Wien 75+"]
[BlackTeam "Sankt Petersburg"]

1. c4 e6 2. g3 d5 3. Bg2 Nf6 4. Nf3 dxc4 5. Qa4+ Nbd7 6. O-O c5 7. Qxc4 b6 8.
d3 Bb7 9. Bg5 Be7 10. Nbd2 O-O 11. Rfc1 h6 12. Bxf6 Nxf6 13. Qc2 Rc8 14. a4 Nd5
15. Nc4 Nb4 16. Qb1 Qc7 17. Nfd2 Bxg2 18. Kxg2 f5 19. Kg1 Bf6 20. Ne3 f4 21.
Ng2 fxg3 22. hxg3 Qe5 23. Ne4 Qxb2 24. Nxf6+ Qxf6 25. Rf1 Nc6 26. Ra2 Nd4 27.
Qc1 Kh8 28. Qf4 Qxf4 29. Nxf4 Rfe8 30. Ng6+ Kh7 31. Ne5 Nc6 32. Nxc6 Rxc6 33.
Rc1 Rd8 34. Kg2 Rd4 35. Kf3 Kg6 36. Ke3 Kf6 37. Rc4 Rxc4 38. dxc4 Rd6 39. a5 h5
40. axb6 axb6 41. Kf3 Rd4 42. Rc2 g5 43. e3 Rd1 44. Rb2 Rc1 45. Rxb6 Rxc4 46.
Rb8 h4 47. gxh4 gxh4 48. Rh8 Ke5 49. Rd8 Ra4 50. Rh8 Kd5 51. Rh5+ e5 52. Ke2
Ra2+ 53. Kd3 c4+ 54. Kc3 Rxf2 55. Rxh4 Rf1 56. Kd2 Ra1 57. Kc2 Ra3 58. Kd2 Rb3
59. Rg4 Rd3+ 60. Ke2 Ra3 61. Kd2 Ra8 62. Rh4 Ra2+ 63. Kc3 Ra3+ 64. Kd2 Rd3+ 65.
Ke2 Kc5 66. Rh5 Kd6 67. Rh6+ Kd5 68. Rh4 Kc5 69. Rh5 Kb4 70. Rxe5 Rd8 71. Re7
c3 72. Rb7+ Ka3 73. Ra7+ Kb2 74. Rb7+ Kc1 75. e4 Rd2+ 76. Ke3 c2 77. e5 Kd1 78.
Rc7 c1=Q 79. Rxc1+ Kxc1 80. Ke4 Kc2 81. e6 Kc3 82. Kf5 Kd4 83. e7 Re2 84. Kf6
Kd5 85. Kf7 Kd6 86. e8=Q Rxe8 1/2-1/2

[Event "European Senior Team Chess Championship "]
[Site "Hotel AIRO Vienna, Kurbadstr. "]
[Date "2015.07.13"]
[Round "2"]
[White "Karasev, Vladimir I"]
[Black "Winiwarter, Felix"]
[Result "1/2-1/2"]
[WhiteElo "2326"]
[BlackElo "2139"]
[PlyCount "86"]
[EventDate "2015.07.12"]
[EventType "team"]
[EventRounds "9"]
[EventCountry "AUT"]
[WhiteTeam "Sankt Petersburg"]
[BlackTeam "Wien 75+"]

1. Nf3 Nf6 2. g3 g6 3. Bg2 Bg7 4. O-O O-O 5. d3 d6 6. e4 e5 7. Nc3 Nc6 8. h3 h6
9. Be3 Be6 10. d4 exd4 11. Nxd4 Nxd4 12. Bxd4 Qd7 13. Qf3 Nh7 14. Bxg7 Kxg7 15.
h4 c6 16. Qd3 Rad8 17. Qd4+ Nf6 18. Qxa7 Bh3 19. Qd4 Rfe8 20. Rae1 g5 21. hxg5
hxg5 22. f3 Re5 23. Re2 c5 24. Qd3 Rh8 25. g4 Qe6 26. Bxh3 Rxh3 27. Rh2 Rxh2
28. Kxh2 d5 29. exd5 Nxd5 30. Nxd5 Rxd5 31. Qc3+ Kg8 32. Re1 Qd6+ 33. Kh3 Rd4
34. Re4 Rxe4 35. fxe4 Qf4 36. Qd3 Kh7 37. e5+ Kg7 38. Qf5 Qe3+ 39. Kg2 Qe2+ 40.
Kg1 Qe1+ 41. Kg2 Qd2+ 42. Kf1 Qd1+ 43. Kf2 Qd2+ {Kg2  Qe2+} 1/2-1/2

[Event "European Senior Team Chess Championship "]
[Site "Hotel AIRO Vienna, Kurbadstr. "]
[Date "2015.07.13"]
[Round "2"]
[White "Dueckstein, Andreas"]
[Black "Monin, Nikolay"]
[Result "1/2-1/2"]
[WhiteElo "2120"]
[BlackElo "2215"]
[PlyCount "28"]
[EventDate "2015.07.12"]
[EventType "team"]
[EventRounds "9"]
[EventCountry "AUT"]
[WhiteTeam "Wien 75+"]
[BlackTeam "Sankt Petersburg"]

1. e4 e6 2. d4 d5 3. Nc3 Nf6 4. e5 Nfd7 5. f4 c5 6. Nf3 Nc6 7. Be3 Be7 8. dxc5
Nxc5 9. Qd2 O-O 10. Be2 a6 11. Nd4 Nxd4 12. Bxd4 b5 13. a3 Bb7 14. O-O Rc8
1/2-1/2

[Event "European Senior Team Chess Championship "]
[Site "Hotel AIRO Vienna, Kurbadstr. "]
[Date "2015.07.14"]
[Round "3"]
[White "Danner, Georg"]
[Black "Vasiukov, Evgeni"]
[Result "1/2-1/2"]
[WhiteElo "2389"]
[BlackElo "2401"]
[PlyCount "23"]
[EventDate "2015.07.12"]
[EventType "team"]
[EventRounds "9"]
[EventCountry "AUT"]
[WhiteTeam "Austria 1"]
[BlackTeam "Russia 1"]

1. d4 Nf6 2. Nf3 c5 3. d5 d6 4. c4 e5 5. Nc3 Be7 6. e4 O-O 7. Be2 Nbd7 8. O-O
Ne8 9. Ne1 g6 10. Nd3 Bf6 11. a3 Bg7 12. Qc2 1/2-1/2

[Event "European Senior Team Chess Championship "]
[Site "Hotel AIRO Vienna, Kurbadstr. "]
[Date "2015.07.14"]
[Round "3"]
[White "Balashov, Yuri S"]
[Black "Petschar, Kurt"]
[Result "1/2-1/2"]
[WhiteElo "2437"]
[BlackElo "2266"]
[PlyCount "38"]
[EventDate "2015.07.12"]
[EventType "team"]
[EventRounds "9"]
[EventCountry "AUT"]
[WhiteTeam "Russia 1"]
[BlackTeam "Austria 1"]

1. e4 e6 2. Qe2 c5 3. b3 Nc6 4. Nf3 e5 5. Bb2 d6 6. g3 g6 7. Bg2 Bg7 8. O-O Nf6
9. d3 O-O 10. Nbd2 Rb8 11. c3 d5 12. a3 d4 13. b4 Nd7 14. Rac1 Qe7 15. cxd4
cxd4 16. Nb3 Nb6 17. Nc5 Nd7 18. Nb3 Nb6 19. Nc5 Nd7 1/2-1/2

[Event "European Senior Team Chess Championship "]
[Site "Hotel AIRO Vienna, Kurbadstr. "]
[Date "2015.07.14"]
[Round "3"]
[White "Janetschek, Karl"]
[Black "Zhelnin, Vladimir V"]
[Result "1/2-1/2"]
[WhiteElo "2231"]
[BlackElo "2473"]
[PlyCount "74"]
[EventDate "2015.07.12"]
[EventType "team"]
[EventRounds "9"]
[EventCountry "AUT"]
[WhiteTeam "Austria 1"]
[BlackTeam "Russia 1"]

1. e4 d6 2. d4 Nf6 3. Nc3 c6 4. Nf3 Bg4 5. h3 Bh5 6. Bf4 e6 7. Bd3 Qb6 8. Rb1
Bxf3 9. gxf3 Nbd7 10. Ne2 e5 11. Be3 Qc7 12. f4 exd4 13. Bxd4 g6 14. c3 Bg7 15.
Ng3 O-O 16. h4 Rfe8 17. Kf1 c5 18. Bxf6 Nxf6 19. h5 c4 20. Bc2 Qc6 21. Qf3 Re7
22. Kg2 Rae8 23. Rhe1 b5 24. Re2 Qc5 25. a3 a5 26. Rbe1 b4 27. Ba4 Rb8 28. e5
dxe5 29. Rxe5 Rxe5 30. fxe5 Nxh5 31. Nxh5 gxh5 32. axb4 axb4 33. Bc2 bxc3 34.
bxc3 Re8 35. Qxh5 Rxe5 36. Bxh7+ Kf8 37. Rxe5 Qxe5 1/2-1/2

[Event "European Senior Team Chess Championship "]
[Site "Hotel AIRO Vienna, Kurbadstr. "]
[Date "2015.07.14"]
[Round "3"]
[White "Pushkov, Nikolai"]
[Black "Singer, Hans"]
[Result "1/2-1/2"]
[WhiteElo "2301"]
[BlackElo "2165"]
[PlyCount "228"]
[EventDate "2015.07.12"]
[EventType "team"]
[EventRounds "9"]
[EventCountry "AUT"]
[WhiteTeam "Russia 1"]
[BlackTeam "Austria 1"]

1. d4 Nf6 2. Nf3 d5 3. c4 e6 4. Nc3 Be7 5. Bg5 h6 6. Bh4 Ne4 7. Bxe7 Qxe7 8. e3
O-O 9. Qc2 Nxc3 10. Qxc3 dxc4 11. Bxc4 b6 12. O-O Bb7 13. Be2 c5 14. dxc5 Rc8
15. b4 bxc5 16. b5 Nd7 17. a4 c4 18. Nd4 Nb6 19. Bf3 Bxf3 20. Nxf3 Nd5 21. Qd4
f6 22. Rfc1 Qc5 23. Qg4 e5 24. Nh4 c3 25. Nf5 Rc7 26. Nxh6+ Kf8 27. Nf5 Rac8
28. h4 Qb4 29. e4 Nf4 30. Nxg7 Qxe4 31. Ne6+ Kf7 32. Nxf4 Qxf4 33. Qxf4 exf4
34. Rc2 Ke6 35. Rd1 Rc4 36. Rd3 R8c5 37. Kf1 Rxa4 38. Rdxc3 Rxb5 39. Ke2 f3+
40. Kxf3 Rxh4 41. Rc6+ Ke5 42. Re2+ Kf5 43. g3 Rb3+ 44. Kg2 Rh8 45. Ra6 Rh7 46.
Ra5+ Kg6 47. Re4 Rc7 48. Rg4+ Kf7 49. Rh5 Rbb7 50. Rh6 Re7 51. Rc4 Kg7 52. Rh5
Rbc7 53. Rg4+ Kf7 54. Rf4 Kg7 55. Rfh4 Kf7 56. Ra4 Kg7 57. Ra6 Rb7 58. Rf5 Rb6
59. Ra4 Kg6 60. Rfa5 Rbb7 61. Rg4+ Kf7 62. Rh5 Rbc7 63. Rh8 a5 64. Rh5 Ra7 65.
Ra4 Kg6 66. Rhxa5 Rxa5 67. Rxa5 Rb7 68. Kh3 Rc7 69. Kh4 Rc4+ 70. g4 Rc7 71. f4
Rh7+ 72. Kg3 Rb7 73. Ra8 Rb3+ 74. Kh4 Rb4 75. f5+ Kg7 76. Ra7+ Kh6 77. Ra6 Kg7
78. Kh5 Rb7 79. Rc6 Ra7 80. Rb6 Rc7 81. g5 fxg5 82. Kxg5 Ra7 83. Rg6+ Kf7 84.
Rh6 Ra1 85. Rh7+ Kg8 86. Re7 Kf8 87. Kf6 Ra2 88. Rf7+ Kg8 89. Re7 Kf8 90. Re6
Ra7 91. Rb6 Rf7+ 92. Kg6 Rg7+ 93. Kf6 Rf7+ 94. Ke5 Ra7 95. Kf6 Rf7+ 96. Kg5
Rg7+ 97. Kf4 Re7 98. Rb8+ Kf7 99. Kg5 Ra7 100. Rh8 Kg7 101. Rh6 Ra5 102. Rg6+
Kf7 103. Rb6 Ra7 104. Rh6 Kg7 105. f6+ Kg8 106. Kg6 Rg7+ 107. Kf5 Ra7 108. Rh1
Ra5+ 109. Kg6 Ra7 110. Rh6 Rg7+ 111. Kf5 Ra7 112. Rg6+ Kf8 113. Rg1 Ra2 114.
Kg6 Rb2 1/2-1/2

[Event "European Senior Team Chess Championship "]
[Site "Hotel AIRO Vienna, Kurbadstr. "]
[Date "2015.07.14"]
[Round "3"]
[White "Garcia Palermo, Carlos"]
[Black "Strutinskaia, Galina"]
[Result "1-0"]
[WhiteElo "2442"]
[BlackElo "2213"]
[PlyCount "159"]
[EventDate "2015.07.12"]
[EventType "team"]
[EventRounds "9"]
[EventCountry "AUT"]
[WhiteTeam "Italy"]
[BlackTeam "Russia Women"]

1. Nf3 d5 2. c4 dxc4 3. e3 a6 4. Bxc4 b5 5. Be2 Nf6 6. a4 b4 7. d3 Bb7 8. O-O
Nbd7 9. Nbd2 e6 10. a5 Be7 11. Nc4 O-O 12. e4 Bc6 13. Qc2 Bb5 14. b3 Nc5 15.
Bb2 Nb7 16. d4 c6 17. Nfe5 Rc8 18. Nb6 Rc7 19. Bxb5 cxb5 20. Nc6 Qe8 21. Rfc1
Bc5 22. d5 exd5 23. exd5 Qe4 24. Be5 Bd6 25. Bxd6 Qxc2 26. Rxc2 Nxd6 27. Nxb4
Rxc2 28. Nxc2 Nfe4 29. f3 Nc5 30. b4 Nd3 31. Rd1 Ne5 32. Ne3 g5 33. Rd4 Rd8 34.
Ng4 Nec4 35. Nxc4 bxc4 36. Nf6+ Kg7 37. Ne4 Nxe4 38. fxe4 Rc8 39. d6 c3 40. d7
Rd8 41. Kf2 c2 42. Rc4 Rxd7 43. Ke3 Rd1 44. Rxc2 Rb1 45. Rc4 Rb2 46. Kf3 h5 47.
h3 Rb3+ 48. Kf2 Kf6 49. Rc6+ Ke5 50. Rxa6 Rxb4 51. Ra7 Rb2+ 52. Kg3 Rb3+ 53.
Kh2 Ra3 54. Rxf7 Kxe4 55. Ra7 h4 56. a6 Kf5 57. Ra8 Kf6 58. a7 Kg7 59. Kg1 Ra2
60. Kf1 Kh7 61. Ke1 Kg7 62. Kd1 Kh7 63. Kc1 Kg7 64. Kb1 Ra6 65. Kb2 Kh7 66. Kb3
Kg7 67. Kb4 Ra1 68. Kb5 Ra2 69. Kb6 Rb2+ 70. Kc6 Ra2 71. Kd6 Ra6+ 72. Ke5 Ra5+
73. Ke6 Ra6+ 74. Kf5 Ra5+ 75. Kg4 Kh7 76. Kh5 g4+ 77. Kxg4 Ra4+ 78. Kh5 Kg7 79.
Re8 Rxa7 80. Kxh4 1-0

[Event "European Senior Team Chess Championship "]
[Site "Hotel AIRO Vienna, Kurbadstr. "]
[Date "2015.07.14"]
[Round "3"]
[White "Mednikova, Svetlana"]
[Black "Mariotti, Sergio"]
[Result "1/2-1/2"]
[WhiteElo "2190"]
[BlackElo "2295"]
[PlyCount "22"]
[EventDate "2015.07.12"]
[EventType "team"]
[EventRounds "9"]
[EventCountry "AUT"]
[WhiteTeam "Russia Women"]
[BlackTeam "Italy"]

1. e4 e5 2. Nf3 Nc6 3. Bc4 Nf6 4. d3 Be7 5. O-O h6 6. Nc3 d6 7. Nd5 O-O 8. c3
Na5 9. Nxe7+ Qxe7 10. Bb5 Bd7 11. Bxd7 Nxd7 1/2-1/2

[Event "European Senior Team Chess Championship "]
[Site "Hotel AIRO Vienna, Kurbadstr. "]
[Date "2015.07.14"]
[Round "3"]
[White "Micheli, Carlo"]
[Black "Kozlovskaya, Valentina"]
[Result "0-1"]
[WhiteElo "2309"]
[BlackElo "2223"]
[PlyCount "68"]
[EventDate "2015.07.12"]
[EventType "team"]
[EventRounds "9"]
[EventCountry "AUT"]
[WhiteTeam "Italy"]
[BlackTeam "Russia Women"]

1. c4 c5 2. g3 Nc6 3. Bg2 g6 4. Nc3 Bg7 5. d3 d6 6. Bd2 e6 7. Rb1 Nge7 8. Qc1
a6 9. Bh6 O-O 10. Bxg7 Kxg7 11. h4 h6 12. Nh3 e5 13. a3 Rb8 14. b4 cxb4 15.
axb4 Bxh3 16. Rxh3 Nd4 17. e3 Ne6 18. Qd2 b5 19. cxb5 axb5 20. f4 exf4 21. gxf4
d5 22. h5 d4 23. exd4 Qxd4 24. Ne2 Qf6 25. Be4 Nf5 26. Bxf5 Qxf5 27. Rh4 Rfd8
28. Rb3 Nd4 29. Nxd4 Rxd4 30. Qe3 Rbd8 31. hxg6 Rxd3 32. Rxd3 Rxd3 33. Qe2 Rd4
34. Qf3 Qb1+ 0-1

[Event "European Senior Team Chess Championship "]
[Site "Hotel AIRO Vienna, Kurbadstr. "]
[Date "2015.07.14"]
[Round "3"]
[White "Fatalibekova, Elena"]
[Black "Albano, Marco"]
[Result "1-0"]
[WhiteElo "2213"]
[BlackElo "2292"]
[PlyCount "67"]
[EventDate "2015.07.12"]
[EventType "team"]
[EventRounds "9"]
[EventCountry "AUT"]
[WhiteTeam "Russia Women"]
[BlackTeam "Italy"]

1. Nf3 c5 2. c4 g6 3. d4 cxd4 4. Nxd4 Nc6 5. e4 Bg7 6. Be3 Nf6 7. Nc3 Ng4 8.
Qxg4 Nxd4 9. Qd1 Ne6 10. Rc1 d6 11. Bd3 O-O 12. O-O Nc5 13. Bb1 f5 14. exf5
Bxf5 15. Bxf5 Rxf5 16. b4 Nd7 17. Nb5 a5 18. a3 axb4 19. axb4 Nf8 20. Qb3 Rf7
21. Rfd1 Qd7 22. Nc3 Qg4 23. h3 Qh4 24. c5 Be5 25. Nd5 e6 26. Nb6 Rd8 27. Nc4
Rfd7 28. Nxe5 dxe5 29. Rxd7 Rxd7 30. b5 Qe4 31. c6 Rc7 32. Bh6 bxc6 33. bxc6
Qd5 34. Qb8 1-0

[Event "European Senior Team Chess Championship "]
[Site "Hotel AIRO Vienna, Kurbadstr. "]
[Date "2015.07.14"]
[Round "3"]
[White "Vogt, Lothar"]
[Black "Zilberman, Yaacov"]
[Result "1/2-1/2"]
[WhiteElo "2418"]
[BlackElo "2383"]
[PlyCount "31"]
[EventDate "2015.07.12"]
[EventType "team"]
[EventRounds "9"]
[EventCountry "AUT"]
[WhiteTeam "Schachclub Eppingen"]
[BlackTeam "Israel"]

1. e4 Nf6 2. e5 Nd5 3. d4 d6 4. Nf3 c6 5. Be2 dxe5 6. Nxe5 Nd7 7. Nf3 g6 8. O-O
Bg7 9. c4 Nc7 10. Nc3 O-O 11. Bf4 c5 12. d5 e5 13. dxe6 Nxe6 14. Be3 Ne5 15.
Qxd8 Rxd8 16. Rad1 1/2-1/2

[Event "European Senior Team Chess Championship "]
[Site "Hotel AIRO Vienna, Kurbadstr. "]
[Date "2015.07.14"]
[Round "3"]
[White "Birnboim, Nathan"]
[Black "Dekan, Hans"]
[Result "1-0"]
[WhiteElo "2358"]
[BlackElo "2178"]
[PlyCount "79"]
[EventDate "2015.07.12"]
[EventType "team"]
[EventRounds "9"]
[EventCountry "AUT"]
[WhiteTeam "Israel"]
[BlackTeam "Schachclub Eppingen"]

1. d4 d5 2. c4 dxc4 3. e4 e5 4. Nf3 exd4 5. Bxc4 Bb4+ 6. Nbd2 Nc6 7. O-O Nf6 8.
e5 Nd5 9. Nb3 O-O 10. Nbxd4 Nb6 11. Nxc6 Qxd1 12. Rxd1 bxc6 13. Bb3 Bg4 14. Bf4
Rad8 15. Rac1 Rxd1+ 16. Rxd1 Nd5 17. Bg3 h6 18. Rd4 Bxf3 19. gxf3 Be7 20. Bxd5
Rd8 21. Rc4 Rxd5 22. Rxc6 Rc5 23. Rxc5 Bxc5 24. f4 g6 25. Kg2 a6 26. Kf3 Kf8
27. f5 Ke7 28. Ke4 c6 29. f4 Kd7 30. b3 Bb4 31. fxg6 fxg6 32. f5 g5 33. h3 Ke7
34. Bf2 Ba3 35. Be3 a5 36. Kf3 Kf7 37. Bd2 Bb2 38. e6+ Kf6 39. Bxa5 Ba3 40.
Bd8+ 1-0

[Event "European Senior Team Chess Championship "]
[Site "Hotel AIRO Vienna, Kurbadstr. "]
[Date "2015.07.14"]
[Round "3"]
[White "Staub, Gerhard"]
[Black "Maryasin, Boris"]
[Result "0-1"]
[WhiteElo "2051"]
[BlackElo "2332"]
[PlyCount "52"]
[EventDate "2015.07.12"]
[EventType "team"]
[EventRounds "9"]
[EventCountry "AUT"]
[WhiteTeam "Schachclub Eppingen"]
[BlackTeam "Israel"]

1. e4 c5 2. Nc3 Nc6 3. f4 e6 4. Nf3 a6 5. d3 d5 6. g3 Nf6 7. Bg2 dxe4 8. Nxe4
Nxe4 9. dxe4 Qxd1+ 10. Kxd1 b5 11. a4 b4 12. Be3 Bb7 13. Nd2 O-O-O 14. Ke2 Be7
15. Nc4 Nd4+ 16. Bxd4 Rxd4 17. Nb6+ Kc7 18. c3 Rxe4+ 19. Bxe4 Bxe4 20. Rhd1
Kxb6 21. Rd7 Bf6 22. cxb4 cxb4 23. Rc1 Rd8 24. Rdc7 Rd6 25. R7c5 Bc3 26. Rc8
Bxb2 0-1

[Event "European Senior Team Chess Championship "]
[Site "Hotel AIRO Vienna, Kurbadstr. "]
[Date "2015.07.14"]
[Round "3"]
[White "Lederman, Leon"]
[Black "Gass, Ulrich"]
[Result "1/2-1/2"]
[WhiteElo "2263"]
[BlackElo "2031"]
[PlyCount "141"]
[EventDate "2015.07.12"]
[EventType "team"]
[EventRounds "9"]
[EventCountry "AUT"]
[WhiteTeam "Israel"]
[BlackTeam "Schachclub Eppingen"]

1. e4 d6 2. d4 Nf6 3. Nc3 g6 4. f4 Bg7 5. Nf3 c5 6. dxc5 Qa5 7. Bd3 Qxc5 8. Qe2
Nc6 9. Be3 Qa5 10. O-O Bg4 11. h3 Bxf3 12. Qxf3 O-O 13. a3 Nd7 14. Bd2 e6 15.
Kh1 Rac8 16. Rfd1 Qd8 17. Rab1 Qe7 18. Be1 f5 19. exf5 gxf5 20. Bf2 d5 21. Re1
Bxc3 22. bxc3 b6 23. c4 d4 24. Re2 Nc5 25. Rbe1 Qf6 26. Bg1 Rf7 27. Bh2 Rg7 28.
g4 fxg4 29. hxg4 Nxd3 30. cxd3 Nd8 31. Qh3 Qg6 32. g5 Rc5 33. Re4 Rd7 34. Bg1
Ra5 35. Ra1 h6 36. Qxh6 Qxh6+ 37. gxh6 Rh5+ 38. Kg2 Rxh6 39. Rxd4 Rg7+ 40. Kf3
Nb7 41. Bf2 Rh3+ 42. Ke2 Rh2 43. Rf1 Nc5 44. Ke1 Rh3 45. Rd8+ Kh7 46. Bxc5 bxc5
47. Ke2 Rb7 48. Rf3 Rh2+ 49. Ke3 Rbb2 50. Ke4 Kg6 51. Rc8 Rb3 52. Rxc5 Rxa3 53.
Re3 Kf6 54. Rc6 a5 55. d4 Rxe3+ 56. Kxe3 Ke7 57. Ra6 Ra2 58. c5 Kd7 59. f5 exf5
60. Kf4 Rd2 61. Ke5 f4 62. Rf6 a4 63. d5 Re2+ 64. Kd4 Rd2+ 65. Kc4 Rf2 66. c6+
Kc7 67. Rf7+ Kd6 68. Rd7+ Ke5 69. Kb4 f3 70. c7 Rc2 71. Rf7 1/2-1/2